000 00488 a2200193 4500
005 20260417114609.0
008 260416b |||||||| |||| 00| 0 eng d
020 _a9789392003325
_cRs. 995.00
040 _aMAIN
082 _a302.23
_bB169D
100 _aBajwa, Sewa Singh, ed.
245 _aDigital media literacy
260 _bK.K Publications
_c2025
_aNew Delhi
300 _a271
650 _aJournalism
650 _aSocial Interaction
650 _aMass Media
942 _cBK
999 _c397256
_d397256